[Event "5th Agzamov Mem"]
[Site "Tashkent UZB"]
[Date "2011.03.24"]
[Round "7"]
[White "Miroshnichenko,E"]
[Black "Kazhgaleyev,M"]
[Result "1-0"]
[WhiteElo "2670"]
[BlackElo "2618"]

1.Nf3 d5 2.g3 Nf6 3.Bg2 c6 4.O-O Bg4 5.d4 Nbd7 6.Nbd2 e6 7.Re1 Be7 8.e4 O-O
9.c3 c5 10.exd5 Nxd5 11.Qb3 cxd4 12.Nxd4 Nc5 13.Qc4 Bh5 14.N2b3 Rc8 15.Nf5 exf5
16.Qxd5 Nd3 17.Rxe7 Qxe7 18.Qxd3 Rfd8 19.Nd4 Bg6 20.Bf4 a6 21.Qf3 Rd7 22.h4 h6
23.h5 Bh7 24.Bh3 Rc5 25.Kf1 Rd8 26.Bg2 Rd7 27.Re1 Qd8 28.Qe3 Rc8 29.Qe5 Kh8
30.Bh3 Qb6 31.Bxf5 Bxf5 32.Qxf5 Rcd8 33.b4 Kg8 34.a4 Rd5 35.Re8+ Rxe8 36.Qxd5 Rc8
37.a5 Qf6 38.Bd2 Qe7 39.Kg2 Rd8 40.Qf3 Qd7 41.Be3 Rc8 42.Nf5 Rxc3 43.Qg4 Qc6+
44.Kh2 Qf6 45.Bd4 Rc4 46.Bxf6 Rxg4 47.f4  1-0

[Event "Skopje Spring Open 2011"]
[Site "Skopje MKD"]
[Date "2011.03.25"]
[Round "7"]
[White "Simjanovski,S"]
[Black "Hristovski,S"]
[Result "0-1"]
[WhiteElo "2253"]
[BlackElo "2140"]

1.Nf3 d5 2.g3 Nf6 3.Bg2 c5 4.O-O Nc6 5.d3 e6 6.Nbd2 Be7 7.e4 dxe4 8.dxe4 Qc7
9.Re1 b6 10.Nc4 O-O 11.Bf4 Qd8 12.c3 Qxd1 13.Raxd1 Ba6 14.Nfe5 Nxe5 15.Nxe5 Rac8
16.Nd7 Rfd8 17.Nxf6+ Bxf6 18.Bd6 g6 19.f4 Rd7 20.Bf3 Bb7 21.Kf2 Rcd8 22.e5 Bxf3
23.Kxf3 Be7 24.Re2 Bxd6 25.Red2 f6 26.exd6 Re8 27.Ke4 Kf7 28.a4 Rc8 29.c4 Rcd8
30.Rd3 Re8 31.R1d2 Red8 32.g4 Re8 33.b3 Red8 34.Rh3 Kg7 35.g5 fxg5 36.Ke5 gxf4
37.Kxe6 g5 38.Rd5 h6 39.Rf3 Rf7 40.d7 g4 41.Rf1 f3 42.Rg1 Kf8 43.Rgd1 Re7+
44.Kf5 h5 45.Kg5 Rg7+ 46.Kxh5 g3 47.hxg3 Rxg3 48.Kh4 Rg7 49.Rf1 Ke7 50.Rxf3 Rxd7
51.Rxd7+ Kxd7 52.Rg3 Rf7 53.Kg4 Kd6 54.Re3 Rf1 55.Kg3 Kc6 56.Rf3 Rd1 57.Rf7 Rb1
58.Rxa7 Rxb3+ 59.Kf2 Rb4 60.a5 Rxc4 61.Ra6 Rb4 62.Ke3 Kb5 63.Rxb6+ Kxa5 64.Rh6 Rd4
65.Rh1 Kb5 66.Rb1+ Kc6 67.Rh1 Rd7 68.Rc1 Rd6 69.Ke2 Kb5 70.Rb1+ Ka4 71.Rc1 Kb4
72.Rb1+ Ka3 73.Rc1 Rd5 74.Ke3 Kb2 75.Rc4 Kb3 76.Rh4 c4 77.Rh8 c3 78.Ke2 Kb2
79.Rc8 c2 80.Rb8+ Kc1  0-1

[Event "5th Agzamov Mem"]
[Site "Tashkent UZB"]
[Date "2011.03.25"]
[Round "8"]
[White "Kuzubov,Y"]
[Black "Filippov,An UZB"]
[Result "0-1"]
[WhiteElo "2627"]
[BlackElo "2604"]

1.Nf3 d5 2.g3 Bg4 3.Bg2 Nd7 4.d4 e6 5.O-O Ngf6 6.Nbd2 h6 7.Re1 Bf5 8.c4 c6
9.b3 Be7 10.Bb2 O-O 11.e3 a5 12.a3 Ne4 13.Qe2 Qb6 14.Rac1 Rfd8 15.Nxe4 Bxe4
16.Rc3 Bf6 17.cxd5 exd5 18.Rec1 Re8 19.Bh3 Qc7 20.Ne1 Bg6 21.Qd2 Nb6 22.a4 Be7
23.Nd3 Nd7 24.Rf1 Nf6 25.f3 Bd6 26.Nc5 Re7 27.Rcc1 Rae8 28.Rce1 Nh7 29.Bc3 Ng5
30.Bg2 Bf5 31.Nd3 Qb6 32.Nc1 Ra8 33.h4 Nh7 34.e4 Bd7 35.Kh2 dxe4 36.fxe4 Nf8
37.e5 Bb4 38.Bxb4 axb4 39.Re4 Be6 40.h5 Rd8 41.Qe3 Nh7 42.Ref4 Red7 43.Ne2 Ng5
44.Rc1 Qa6 45.Ng1 Qa7 46.Rc5 Bd5 47.Bxd5 Rxd5 48.Rxd5 Rxd5 49.Ne2 Qb8 50.Rf2 c5
51.dxc5 Rxe5 52.Qf4 Qe8 53.Nd4 f6 54.Qg4 Rxc5 55.Re2 Qf7 56.Rf2 Re5 57.Ne2 Ne4
58.Rf4 Rxh5+ 59.Kg1 f5 60.Qf3 Ng5 61.Qd3 Nh3+ 62.Kg2 Nxf4+ 63.Nxf4 Rg5 64.a5 Kh7
65.Kf3 Qe7  0-1

[Event "ch-VIE Men"]
[Site "Da Lat VIE"]
[Date "2011.03.26"]
[Round "9.3"]
[White "Tran Quoc Dung"]
[Black "Dao Thien Hai"]
[Result "0-1"]
[WhiteElo "2315"]
[BlackElo "2507"]

1.Nf3 d5 2.g3 c6 3.Bg2 Bg4 4.O-O Nd7 5.d4 e6 6.b3 Ngf6 7.Bb2 Bd6 8.Nbd2 O-O
9.c4 Qe7 10.Ne5 Bh5 11.h3 Ba3 12.Bxa3 Qxa3 13.g4 Bg6 14.Qc1 Qa5 15.Qb2 Rad8
16.f4 Nxe5 17.dxe5 Ne4 18.Nxe4 Bxe4 19.b4 Qa6 20.c5 Bxg2 21.Kxg2 Qc4 22.Rad1 Qe4+
23.Kg3 d4 24.Qd2 f6 25.exf6 Rxf6 26.Qd3 Qd5 27.Qb3 Qxb3+ 28.axb3 Rd5 29.Rf3 h6
30.Ra1 a6 31.Ra2 Rf7 32.Rd2 Rfd7 33.Rfd3 g5 34.Kf3 gxf4 35.Kxf4 e5+ 36.Ke4 a5
37.bxa5 Rxc5 38.Ra2 Rf7 39.e3 dxe3 40.Kxe3 Kg7 41.a6 bxa6 42.Rxa6 Rb7 43.Kf3 Kf6
44.Ke3 Ke6 45.Ke4 Rb4+ 46.Ke3 e4 47.Rd4 Rxb3+ 48.Kxe4 Rxh3 49.Ra2 Re5+ 50.Kf4 Rd5
51.Re2+ Kd6 52.Rde4 Rdd3 53.Kf5 c5 54.Kg6 Rd4 55.Re6+ Kd5 56.R2e5+ Kc4 57.Rc6 Rd5
58.Re4+ Kb5 59.Rce6 Rg5+ 60.Kf6 Rh4 61.Ke7 Rhxg4 62.Re1 h5 63.R6e2 h4 64.Rh1 Rh5
65.Re3 h3 66.Kd6 Rg6+ 67.Ke7 Rh7+ 68.Kf8 h2 69.Ree1 Rg1 70.Rexg1 hxg1=Q 71.Rxg1 c4
72.Rb1+ Kc5 73.Kg8 Rc7 74.Kf8 c3 75.Ke8 c2 76.Rc1 Kb4 77.Kd8 Rc3 78.Kd7 Kb3
79.Kd6 Kb2  0-1

[Event "1st Armen Norouz Cup"]
[Site "Esfahan IRI"]
[Date "2011.03.26"]
[Round "3"]
[White "Noroozi,Jamshid"]
[Black "Derakhshani,D"]
[Result "0-1"]
[WhiteElo "1535"]
[BlackElo "1900"]

1.Nf3 d5 2.g3 Nf6 3.Bg2 Bf5 4.d4 c6 5.c4 e6 6.cxd5 exd5 7.Nc3 Bd6 8.O-O O-O
9.a3 a5 10.Re1 Re8 11.Nh4 Bg4 12.f3 Bh5 13.Nf5 Bc7 14.g4 Bg6 15.e4 dxe4 16.fxe4 h5
17.h3 Qd7 18.Re3 Na6 19.Rd3 b5 20.e5 hxg4 21.Nxg7 Bxd3 22.Qxd3 Rxe5 23.Bh6 Rd8
24.Rd1 Bb6 25.Ne2 Nc5 26.Qc2 gxh3 27.Bf3 Nce4 28.Bf4 Re7 29.Nh5 Nxh5 30.Bxh5 Qf5
31.Bf3 Bxd4+ 32.Kh2 c5 33.b4 axb4 34.axb4 Rd5 35.bxc5 Bxc5 36.Rxd5 Qxd5 37.Nc3 Qf5
38.Ne2 Be3 39.Bxe3 Qxf3 40.Qc8+ Kg7 41.Nf4 Qxe3 42.Qg4+ Kf8 43.Nh5 Qd2+  0-1

[Event "ch-Moscow S/F 2011"]
[Site "Moscow RUS"]
[Date "2011.03.26"]
[Round "8"]
[White "Vorobjov,D"]
[Black "Burkov,D"]
[Result "1-0"]
[WhiteElo "2275"]
[BlackElo "2008"]

1.Nf3 d5 2.g3 c6 3.Bg2 Bf5 4.c4 e6 5.O-O Nd7 6.d3 Be7 7.Nc3 Ngf6 8.Re1 dxc4
9.e4 Bg6 10.dxc4 e5 11.Qc2 O-O 12.b3 Qa5 13.a3 Rad8 14.Bb2 Ne8 15.b4 Qc7
16.Rad1 a5 17.c5 axb4 18.axb4 b6 19.Na4 bxc5 20.Nxc5 Nxc5 21.bxc5 Rxd1 22.Rxd1 f6
23.Ra1 Qb7 24.Nh4 Bxc5 25.Nxg6 hxg6 26.Qc4+ Rf7 27.Qxc5 Qxb2 28.Ra8 Qb1+
29.Bf1  1-0

[Event "TCh-BEL 2010-11"]
[Site "Roux BEL"]
[Date "2011.03.27"]
[Round "11.1"]
[White "Sielecki,C"]
[Black "Michiels,B"]
[Result "1/2-1/2"]
[WhiteElo "2397"]
[BlackElo "2459"]

1.Nf3 d5 2.g3 Nf6 3.Bg2 c6 4.c4 Bf5 5.cxd5 cxd5 6.Qb3 Qb6 7.Nc3 Qxb3 8.axb3 Nc6
9.d3 e6 10.Be3 Ng4 11.Bd2 Bc5 12.O-O O-O 13.h3 Nf6 14.Rfc1 Nd7 15.Nh4 Bg6
16.Nxg6 hxg6 17.Na4 Be7 18.e3 Rfc8 19.d4 Bb4 20.Rxc6 Bxd2 21.Rxc8+ Rxc8 22.e4 dxe4
23.Bxe4 b5 24.Nc5 Nxc5 25.dxc5 f5 26.Bd3 a5 27.Rd1 Bb4 28.Bxb5 Rxc5 29.Bc4 Re5
30.Kg2 g5 31.g4 Kh7 32.gxf5 exf5 33.Rd5 Rxd5 34.Bxd5 Kg6 35.Be6 Kf6 36.Bc8 Ke5
37.Bd7 Kf4 38.Be6 Be7 39.Bd7 Bf6 40.Be6 Bxb2 41.Bd7 Bd4 42.f3 Bb6  1/2-1/2

[Event "TCh-BEL 2010-11"]
[Site "Roux BEL"]
[Date "2011.03.27"]
[Round "11.2"]
[White "Zaragatski,I"]
[Black "De Gueldre,P"]
[Result "1-0"]
[WhiteElo "2490"]
[BlackElo "2122"]

1.Nf3 d5 2.g3 Nf6 3.Bg2 c6 4.O-O Bg4 5.c4 e6 6.cxd5 exd5 7.d3 Nbd7 8.Qc2 Be7
9.e4 dxe4 10.dxe4 O-O 11.Nc3 Bxf3 12.Bxf3 Ne5 13.Be2 c5 14.Rd1 Qc8 15.f4 Nc6
16.Bc4 Nd4 17.Qg2 Rd8 18.e5 Ne8 19.Be3 Nc7 20.Rac1 Rb8 21.Bxd4 cxd4 22.Nd5 Nxd5
23.Bxd5 Qd7 24.Rxd4 Rbc8 25.Rxc8 Qxc8 26.Rd1 b6 27.Qe4 Qg4 28.Bxf7+ Kxf7
29.Rxd8 Bxd8 30.Qd5+ Ke7 31.Qd6+ Kf7 32.Qxd8 Qe2 33.Qd7+ Kf8 34.Qd6+ Kg8
35.Qb8+ Kf7 36.Qxa7+ Kg6 37.Qxb6+ Kf5 38.Qf2 Qd1+ 39.Kg2 Qd5+ 40.Qf3  1-0

[Event "TCh-HUN 2010-11"]
[Site "Szombathely HUN"]
[Date "2011.03.27"]
[Round "7"]
[White "Sebestyen,Bala"]
[Black "Ruck,T"]
[Result "1/2-1/2"]
[WhiteElo "2227"]
[BlackElo "2298"]

1.Nf3 d5 2.g3 Nf6 3.Bg2 Nbd7 4.d4 e6 5.O-O Be7 6.c4 O-O 7.b3 c6 8.Nbd2 b6
9.Ne5 Bb7 10.e4 dxc4 11.Nexc4 b5 12.Ne3 e5 13.Bb2 exd4 14.Bxd4 Bc5 15.Bxc5 Nxc5
16.Qc2 Ne6 17.Rad1 Qb6 18.e5 Nd5 19.Nf5 Nd4 20.Nxd4 Qxd4 21.Nf3 Qc3 22.Qf5 f6
23.Rc1 Qb4 24.Qd7 Rf7 25.Qe6 Nc7 26.Qf5 fxe5 27.Qxe5 Re8 28.Qd4 Nd5 29.Qxb4 Nxb4
30.a3 Nd5 31.Nd4 b4 32.Nxc6 Nc3 33.Ra1 Bxc6 34.Bxc6 Rc8 35.Bg2 bxa3 36.Rxa3 Re7
37.b4 h6 38.Bf3 Rcc7 39.Kg2 Kf8 40.Rb3 Nb5 41.Rd1 Re5 42.Rbd3 Rc4 43.Rd7 g5
44.Bh5 Re7 45.Rd8+ Kg7 46.R1d7 Rxd7 47.Rxd7+ Kf6 48.Be2 Rxb4 49.Rb7 a6 50.Rb6+ Kg7
51.Rxa6 Nc3 52.Bd3 Ne4 53.Re6 Nf6 54.Re7+ Kf8 55.Ra7 Rd4 56.Bf5 Rd6 57.Kf3 Nd5
58.Ke4 Ne7 59.g4 Rb6 60.Rc7 Rb4+  1/2-1/2

[Event "1st Armen Norouz Cup"]
[Site "Esfahan IRI"]
[Date "2011.03.28"]
[Round "5"]
[White "Noroozi,Jamshid"]
[Black "Karimi,Amir Hossein"]
[Result "1-0"]
[WhiteElo "1535"]
[BlackElo "1814"]

1.Nf3 d5 2.g3 g6 3.Bg2 Bg7 4.O-O Nf6 5.d4 O-O 6.b3 Bf5 7.Nh4 Bd7 8.c4 c6
9.Nc3 dxc4 10.bxc4 Be6 11.Qd3 Ne8 12.e3 Nd6 13.d5 cxd5 14.cxd5 Bd7 15.Rb1 Qa5
16.Bb2 Nb5 17.Rfc1 Na6 18.Ne2 Nb4 19.Qe4 Nxa2 20.Rc5 b6 21.Bxg7 Kxg7 22.Rc2 e6
23.dxe6 Bxe6 24.Qe5+ Kg8 25.Qxb5 Qxb5 26.Rxb5 Rad8 27.Nd4 Rc8 28.Nc6 Kg7
29.Rcb2 g5 30.Nf3 Bd5 31.Nfd4 Bxg2 32.Kxg2  1-0

[Event "1st Armen Norouz Cup"]
[Site "Esfahan IRI"]
[Date "2011.03.31"]
[Round "9"]
[White "Harutjunyan,G"]
[Black "Lorparizangeneh,S"]
[Result "1-0"]
[WhiteElo "2468"]
[BlackElo "2044"]

1.Nf3 d5 2.g3 Nf6 3.Bg2 c6 4.b3 Bf5 5.Bb2 e6 6.d3 Be7 7.Nbd2 h6 8.O-O O-O
9.Qe1 a5 10.a3 Na6 11.e4 Bh7 12.Qe3 Bc5 13.Qe2 Rc8 14.Kh1 Re8 15.h3 Nd7 16.Nh2 f5
17.f4 Be7 18.g4 Bf6 19.e5 Be7 20.Rg1 Kh8 21.Ndf3 g6 22.gxf5 gxf5 23.Nd4 Bf8
24.Qh5 Qe7 25.Bc3 Bg8 26.Qe2 Bf7 27.Be1 Bg7 28.Bf3 Rg8 29.Bh5 b6 30.Bf2 Qe8
31.Bxf7 Qxf7 32.Rg2 Bf8 33.Rxg8+ Kxg8 34.Bh4 Bc5 35.Nhf3 Kh7 36.Rg1 Nab8
37.Qg2 Nf8 38.Bf6 Ng6 39.Nxe6 Qg8 40.Nfg5+ hxg5 41.Qxg5 Nxf4 42.Qh4+  1-0

[Event "VT Open 2011"]
[Site "Vestmanna FAI"]
[Date "2011.04.02"]
[Round "3"]
[White "Mikkelsen,Jo"]
[Black "Jogvansson,H"]
[Result "0-1"]
[WhiteElo "1768"]
[BlackElo "1890"]

1.Nf3 d5 2.g3 Nf6 3.Bg2 Bf5 4.d4 e6 5.O-O Bd6 6.Nc3 c6 7.Re1 Nbd7 8.a3 Qc7
9.b4 Ne4 10.Nxe4 Bxe4 11.Ng5 Bxg2 12.Kxg2 h6 13.Nf3 O-O 14.e4 a5 15.e5 Be7
16.Bd2 Nb6 17.bxa5 Nc4 18.Bb4 Nxa5 19.Nd2 c5 20.Bxa5 Rxa5 21.c4 dxc4 22.Nxc4 Ra6
23.dxc5 Qxc5 24.Qe2 b5 25.Nd6 Bxd6 26.exd6 Rxd6 27.Rec1 Qb6 28.Rab1 Rd5 29.Rb4 Ra8
30.Qb2 Qb7 31.Kg1 Rad8 32.Qb1 Rd2 33.Qb3 R8d3 34.Qb1 Qf3 35.Rf1 Rd1 36.Rf4 Rxb1
37.Rxf3 Rxf1+  0-1

[Event "Telin International Open"]
[Site "Jakarta INA"]
[Date "2011.04.03"]
[Round "4.18"]
[White "Rahangiar,J"]
[Black "Zulkhairi"]
[Result "1-0"]
[WhiteElo "2070"]
[BlackElo "2281"]

1.Nf3 d5 2.g3 c5 3.Bg2 Nc6 4.d4 cxd4 5.Nxd4 e5 6.Nxc6 bxc6 7.c4 Bb4+ 8.Bd2 Bxd2+
9.Qxd2 Nf6 10.Nc3 Bb7 11.cxd5 cxd5 12.Qg5 O-O 13.Qxe5 Qb6 14.O-O Rae8 15.Qf4 Qxb2
16.Qd4 Rc8 17.Rfb1 Qxc3 18.Qxc3 Rxc3 19.Rxb7 Ra3 20.e3 g6 21.Rb3 Ra5 22.a4 Rc8
23.Rb5 Rc5 24.Rxc5 Rxc5 25.a5 Kf8 26.a6 Rc6 27.Bf1 Ne4 28.Rb1 Nd2 29.Rb8+ Kg7
30.Bb5 Rc5 31.Rb7 Nc4 32.Bd7 Ra5 33.Rxa7 g5 34.h3 h5 35.g4 h4 36.Bc8 Nd6
37.Bb7 Nxb7 38.axb7 Rb5 39.Kf1 Kf6 40.f4 gxf4 41.exf4 Rb2 42.Ke1 Ke6 43.Kd1 Kd6
44.Kc1 Rb4 45.g5 d4 46.f5 d3 47.g6 fxg6 48.fxg6  1-0

[Event "Karposh Open"]
[Site "Skopje MKD"]
[Date "2011.04.04"]
[Round "4"]
[White "Matijevic,Filip"]
[Black "Atanasov,Sa"]
[Result "1-0"]
[WhiteElo "1900"]
[BlackElo "1985"]

1.Nf3 d5 2.g3 Nc6 3.d4 h6 4.Bg2 Bf5 5.c4 e6 6.O-O Nf6 7.Nc3 Ne4 8.Bf4 Bd6
9.Bxd6 Nxc3 10.bxc3 Qxd6 11.Nh4 Ne7 12.Nxf5 Nxf5 13.cxd5 exd5 14.Qb3 O-O-O
15.e4 Ne7 16.exd5 Qb6 17.d6 Rxd6 18.Qxf7 Nc6 19.Qxg7 Rhd8 20.Rfb1 Qa5 21.d5 Nb8
22.c4 Nd7 23.Bh3 Kb8 24.Bxd7 R8xd7 25.Qd4 c6 26.Qf4 cxd5 27.Rb5 Qa6 28.Rxd5 Kc8
29.Rad1 Rxd5 30.cxd5 Qd6 31.Qxd6 Rxd6 32.f4 h5 33.Kf2 Kd7 34.Ke3 Ra6 35.Rd2 Ra4
36.h3 Ra3+ 37.Kf2 h4 38.gxh4 Rxh3 39.Kg2 Rxh4 40.Kg3 Rh8 41.f5 Kd6 42.Kf4 b5
43.f6 b4 44.Kf5 Rh3 45.Kg6 a5 46.Rd4 Ke5 47.d6 Ke6 48.d7 Rg3+ 49.Kh5  1-0

[Event "Karposh Open"]
[Site "Skopje MKD"]
[Date "2011.04.05"]
[Round "5"]
[White "Vojinovic,J"]
[Black "Kukov,T"]
[Result "1-0"]
[WhiteElo "2278"]
[BlackElo "2076"]

1.Nf3 d5 2.g3 Bg4 3.Bg2 Nd7 4.c4 e6 5.cxd5 exd5 6.d3 c6 7.h3 Bh5 8.O-O Bd6
9.Nc3 Ngf6 10.Qc2 O-O 11.e4 dxe4 12.dxe4 Bg6 13.Rd1 Bb4 14.Nh4 Qe7 15.Nxg6 hxg6
16.Bf4 Nh5 17.Be3 Nhf6 18.Na4 Rfe8 19.a3 Ba5 20.Bf4 Ne5 21.b4 Bb6 22.Rd2 Nh5
23.Rad1 g5 24.Bxe5 Qxe5 25.Kh2 Nf6 26.Nc5 Bxc5 27.bxc5 Qe7 28.Rd6 Qc7 29.R1d4 Qa5
30.Ra4 Qc7 31.Qc1 b6 32.Qxg5 Nh7 33.Qf5 g6 34.Qf4 Qe7 35.cxb6 axb6 36.Rxa8 Rxa8
37.Rxc6 Rxa3 38.Rxb6 Ra2 39.e5 Qc5 40.Rb8+ Kg7 41.Rb7 Ng5 42.Qf6+  1-0

[Event "11th European Senior"]
[Site "Courmayeur ITA"]
[Date "2011.04.06"]
[Round "1.47"]
[White "Vrhovnik,D"]
[Black "Bonino,Silvano"]
[Result "1-0"]
[WhiteElo "2063"]
[BlackElo "1465"]

1.Nf3 d5 2.g3 Nf6 3.Bg2 e6 4.b3 c5 5.Bb2 Be7 6.O-O O-O 7.e3 Nc6 8.c4 Rb8
9.d4 cxd4 10.exd4 b6 11.Nbd2 Bb7 12.Qe2 Re8 13.Rac1 Bd6 14.Rfd1 Rc8 15.a3 Qe7
16.b4 Rc7 17.c5 Bxg3 18.hxg3 Ng4 19.b5 Na5 20.c6 Bc8 21.Ra1 h5 22.Ne5 Nxe5
23.Qxe5 g6 24.Bc3 a6 25.Bb4 Qd8 26.a4 Rxc6 27.bxc6 Nxc6 28.Qd6 Qxd6 29.Bxd6 Nxd4
30.Be5 Nc6 31.Bf6 Bd7 32.Rdc1 Rb8 33.Nf3 b5 34.axb5 axb5 35.Ne5 Nxe5 36.Bxe5 Rb7
37.Ra8+  1-0

[Event "11th European Senior"]
[Site "Courmayeur ITA"]
[Date "2011.04.06"]
[Round "1.13"]
[White "Vikulov,A"]
[Black "Norman,D"]
[Result "1-0"]
[WhiteElo "2316"]
[BlackElo "1924"]

1.Nf3 d5 2.g3 Nf6 3.Bg2 c6 4.O-O Bf5 5.d3 e6 6.Nbd2 h6 7.b3 Be7 8.Bb2 O-O
9.Qe1 a5 10.a3 Re8 11.e4 Bh7 12.Qe2 Na6 13.Ne5 Nd7 14.Nxd7 Qxd7 15.f4 Bf8
16.Nf3 Qd8 17.Rad1 Nc5 18.Kh1 Nd7 19.g4 Be7 20.e5 Nc5 21.Bh3 Bf8 22.Nd4 Qe7
23.Rde1 Qd8 24.Qf3 Qc7 25.f5 Qd7 26.Bc1 Qc7 27.b4 axb4 28.axb4 Na6 29.c3 Qd7
30.fxe6 fxe6 31.g5 Nc7 32.Qg3 hxg5 33.Bxg5 Ra3 34.Bd2 Ra2 35.Rf2 Raa8 36.Rg1 Re7
37.Bg5 Rf7 38.Rgf1 Rxf2 39.Rxf2 Re8 40.Nb3 b6 41.Bg4 c5 42.Bh5 Ra8 43.Bf7+ Qxf7
44.Rxf7 Kxf7 45.bxc5 bxc5 46.Qf2+ Bf5 47.Nxc5 Ra1+ 48.Kg2  1-0

[Event "10th Weiz City Open"]
[Site "Weiz AUT"]
[Date "2011.04.07"]
[Round "1"]
[White "Horvath,Re"]
[Black "Sonnberger,Thomas"]
[Result "0-1"]
[WhiteElo "1965"]
[BlackElo "2153"]

1.Nf3 d5 2.g3 g6 3.Bg2 Bg7 4.d4 Nf6 5.O-O O-O 6.c4 dxc4 7.Na3 Be6 8.Ng5 Bd5
9.e4 h6 10.exd5 hxg5 11.d6 Nc6 12.dxe7 Qxe7 13.Bxc6 bxc6 14.Bxg5 Qb4 15.Qc2 Nd5
16.Nxc4 Bxd4 17.a3 Qb5 18.Bh6 Rfe8 19.Rad1 c5 20.b4 Nc3 21.Rxd4 cxd4 22.Nd2 Qc6
23.Rc1 Ne2+  0-1

[Event "11th European Senior"]
[Site "Courmayeur ITA"]
[Date "2011.04.08"]
[Round "3.17"]
[White "Zhelesny,S"]
[Black "Kierzek,Mi"]
[Result "1/2-1/2"]
[WhiteElo "2172"]
[BlackElo "2044"]

1.Nf3 d5 2.g3 g6 3.Bg2 Bg7 4.d4 Nf6 5.O-O O-O 6.Nbd2 Nbd7 7.c4 c6 8.e3 Re8
9.cxd5 cxd5 10.Qb3 Qb6  1/2-1/2

[Event "Schachbundesliga 2010-11"]
[Site "Essen GER"]
[Date "2011.04.09"]
[Round "14"]
[White "Tereick,B"]
[Black "Litwak,A"]
[Result "1-0"]
[WhiteElo "2365"]
[BlackElo "2304"]

1.Nf3 d5 2.g3 Nf6 3.Bg2 e6 4.O-O c5 5.c4 Nc6 6.cxd5 exd5 7.d4 Be7 8.Nc3 O-O
9.dxc5 Bxc5 10.a3 Re8 11.b4 Bb6 12.Bg5 d4 13.Na4 Bg4 14.Nxb6 axb6 15.b5 Na5
16.Qxd4 Qxd4 17.Nxd4 Bxe2 18.Nxe2 Rxe2 19.Be3 Rb2 20.a4 Nd7 21.Rac1 h6 22.Rfd1 Nc5
23.Bxc5 bxc5 24.Rxc5 Rb4 25.Rd7 Rxa4 26.Bd5 Ra1+ 27.Kg2 Rf8 28.Rcc7 Rb1 29.Bxf7+ Kh8
30.Bd5 Rb2 31.Rxg7 Rfxf2+ 32.Kg1  1-0

[Event "Schachbundesliga 2010-11"]
[Site "Essen GER"]
[Date "2011.04.09"]
[Round "14"]
[White "Hausrath,D"]
[Black "Holzke,F"]
[Result "1/2-1/2"]
[WhiteElo "2537"]
[BlackElo "2502"]

1.Nf3 d5 2.g3 Nf6 3.Bg2 c6 4.c4 dxc4 5.O-O Nbd7 6.Qc2 Nb6 7.Na3 Qd5 8.b3 cxb3
9.axb3 Be6 10.Rb1 g6 11.d3 Bg7 12.Nc4 O-O 13.Ng5 Qd7 14.Na5 Nfd5 15.Bd2 Rab8
16.Ne4 Qd8 17.Nc5 Bc8 18.b4 e6 19.Rfc1 Na8 20.Na6 bxa6 21.Nxc6 Qb6 22.e4 Nc3
23.Ne7+ Kh8 24.Bxc3 Bb7 25.Qb2 f6 26.Bd4 Qb5 27.Bc5 Rf7 28.Qa2 Qd7 29.b5 axb5
30.Qxa7 Rd8 31.e5 Bxg2 32.Qxd7 Rxd7 33.Kxg2 Nc7 34.Nc8 fxe5 35.Nd6 Rf8 36.Nxb5 Rg8
37.Nd6 Nd5 38.Ne4 h6 39.Bd6 Nf6 40.Bxe5 Nxe4 41.Bxg7+ Kxg7 42.dxe4 Rf8 43.h4 Rd2
44.Rb7+ Kg8 45.Rf1 Re2 46.Rb4 Kg7 47.Kg1 Rf3 48.Rb7+ Kf6 49.Rb8 Kg7 50.Kg2 Rf7
51.Rb4 h5 52.Ra4 Rf8 53.Kg1 Rf3 54.Ra7+ Kf6 55.Kg2 Rd3 56.Ra8 Rxe4 57.Rb1 Rd7
58.Rb3 Kg7 59.Rbb8  1/2-1/2

[Event "Schachbundesliga 2010-11"]
[Site "Essen GER"]
[Date "2011.04.09"]
[Round "14"]
[White "Appel,R"]
[Black "Landa,K"]
[Result "1/2-1/2"]
[WhiteElo "2547"]
[BlackElo "2611"]

1.Nf3 d5 2.g3 g6 3.Bg2 Bg7 4.O-O e5 5.d3 Ne7 6.e4 O-O 7.Nc3 d4 8.Ne2 c5 9.c3 Nbc6
10.cxd4 cxd4 11.Bd2 a5 12.Kh1 Qb6 13.Qb1 Qb5 14.Ne1 a4 15.f4 Ra6 16.Nf3 Rb6
17.Qc2 Bg4 18.h3 Bxf3 19.Bxf3 Qxb2 20.Qd1 Rb8 21.h4 Qb5 22.Bc1 Qc5 23.Qxa4 Ra6
24.Qb3 Rb6 25.Qa4 Ra6 26.Qb3 Rba8 27.a3 Rb6 28.Qd1 Na5 29.a4 Rb3 30.Bg4 f5
31.Bf3 Rc8 32.Qd2 Kh8 33.fxe5 Qxe5 34.Qd1 fxe4 35.Bxe4 Nd5 36.Bf4 Qe6 37.Qd2 Nc3
38.Bf3 Rb6 39.Rae1 Nb3 40.Qb2 Nc5 41.Qc2 Qf5 42.a5 Nxd3 43.Nxc3 Rb2 44.Qxb2 Nxb2
45.Nd5 Qh3+ 46.Kg1 d3 47.Bg2 Bd4+ 48.Be3 Qg4 49.Kh2 Bxe3 50.Rxe3 d2 51.Re7 Qd4
52.Nf6 Qxf6 53.Rxf6 d1=Q 54.Rff7 Qh5 55.Rxb7 Nd3 56.a6 Ne5 57.Rxh7+ Qxh7
58.Rxh7+ Kxh7 59.a7 Ng4+ 60.Kh3 Nf2+ 61.Kh2  1/2-1/2

[Event "Karposh Open"]
[Site "Skopje MKD"]
[Date "2011.04.09"]
[Round "9"]
[White "Skoberne,J"]
[Black "Blagojevic,Dr"]
[Result "1-0"]
[WhiteElo "2553"]
[BlackElo "2524"]

1.Nf3 d5 2.g3 c6 3.Bg2 Bg4 4.O-O e6 5.d4 Nf6 6.Nbd2 Nbd7 7.Re1 Be7 8.e4 O-O
9.c3 Bh5 10.Qb3 Rb8 11.c4 Qa5 12.exd5 cxd5 13.cxd5 Nxd5 14.Nc4 Qa6 15.Bd2 Rfc8
16.Nfe5 Nxe5 17.Nxe5 Rd8 18.g4 Bg6 19.f4 Qd6 20.f5 exf5 21.Bxd5 Qxd5 22.Qxd5 Rxd5
23.Nxg6 hxg6 24.Rxe7 Rxd4 25.Bc3 Rxg4+ 26.Kf2 Rd8 27.Rxb7 Rh4 28.Kg2 Rd3
29.Re1 Rdh3 30.Re8+ Kh7 31.Rxf7 Rxh2+ 32.Kf1 Kh6 33.Bxg7+ Kh5 34.Rh8+ Kg4
35.Rxh4+ Rxh4 36.Rxa7 f4 37.Bd4 g5 38.b4 Rh1+ 39.Bg1 Rh3 40.Rc7 Rd3 41.Ke2 Ra3
42.Rc2 f3+ 43.Kf1 Rd3 44.Bh2 Rd4 45.Rb2 Kh3 46.b5 g4 47.Be5 Rd1+ 48.Kf2 Rd5
49.b6 Rxe5 50.b7  1-0

[Event "ch-CHN w 2011"]
[Site "Xinghua Jiangsu CHN"]
[Date "2011.04.09"]
[Round "10"]
[White "Ju Wenjun"]
[Black "Guo Qi"]
[Result "0-1"]
[WhiteElo "2519"]
[BlackElo "2331"]

1.Nf3 d5 2.g3 Bg4 3.Bg2 c6 4.d3 Nd7 5.h3 Bh5 6.O-O e6 7.e4 Bd6 8.Qe1 Ne7
9.b3 O-O 10.Bb2 c5 11.Nh2 Bc7 12.f4 f6 13.Nd2 Bf7 14.Kh1 Rb8 15.Nhf3 b5 16.d4 Nc6
17.exd5 exd5 18.dxc5 Nxc5 19.Nd4 Qd7 20.Rd1 Rfe8 21.Qf2 Bb6 22.Qf3 b4 23.g4 Nxd4
24.Bxd4 Qc6 25.Rfe1 Rbc8 26.c4 bxc3 27.Qxc3 Qd6 28.Rxe8+ Rxe8 29.Qf3 Ne4
30.Bxb6 Qxb6 31.Kh2 f5 32.gxf5 Nf6 33.Qf1 Qe3 34.Qf3 Qc5 35.Qf1 Bh5 36.Re1 Qd4
37.Rxe8+ Bxe8 38.Nb1 Bd7 39.Qf3 Bxf5 40.Nc3 Be6 41.Nb5 Qc5 42.Nc3 h6 43.Ne2 Bf5
44.Ng3 Bb1 45.Qe2 d4 46.Qb2 Bd3 47.Nh1 Qc3 48.Qa3 Qd2 49.Ng3 Qxf4 50.Qxa7 Kh7
51.Qa8 Bg6 52.Qf3 Qe5 53.Bf1 Be4 54.Qf2 Nh5 55.Be2 Nf4 56.Bd1 Bb7 57.b4 Qd5
58.a4 h5 59.h4 g5 60.hxg5 h4 61.Ne4 Qxe4 62.Qxh4+ Kg8 63.Bb3+ Kf8 64.Qh8+ Ke7
65.Qf6+ Kd7 66.Qf7+ Kd6 67.Qf8+ Kc7 68.Qc5+ Kb8 69.Qd6+ Kc8 70.Qf8+ Kc7 71.Qc5+ Kd7
72.Qb5+ Bc6 73.Qf1 Qe5 74.Qf2 Qe4 75.Qf1 Qe5 76.Qf2 Nd3+ 77.Qg3 Qe2+ 78.Kg1 Ne5
79.Qh3+ Kc7 80.Qg3 Kb7 81.Qf2 Nf3+ 82.Kg2 Nxg5+  0-1

[Event "11th European Senior"]
[Site "Courmayeur ITA"]
[Date "2011.04.10"]
[Round "5.30"]
[White "Kierzek,Mi"]
[Black "Ortega Morales,P"]
[Result "1-0"]
[WhiteElo "2044"]
[BlackElo "1848"]

1.Nf3 d5 2.g3 Bf5 3.Bg2 e6 4.d3 Nf6 5.O-O Be7 6.Nbd2 O-O 7.Nh4 Bg4 8.h3 Bh5
9.Nhf3 Nfd7 10.c4 c6 11.e4 dxc4 12.dxc4 Qc7 13.Qc2 c5 14.Re1 Nc6 15.a3 Rad8
16.Nb3 Bg6 17.Be3 b6 18.Rad1 e5 19.Nbd2 a5 20.Qb1 h6 21.g4 Nd4 22.Nf1 Nxf3+
23.Bxf3 Bh4 24.Bd2 Nb8 25.Ne3 Nc6 26.Nd5 Qd6 27.Bg2 Ne7 28.Be3 Qb8 29.Qc1 Nxd5
30.cxd5 Qd6 31.Qc3 Be7 32.Rf1 Bg5 33.f4 exf4 34.e5 Qb8 35.Bxf4 Bxf4 36.Rxf4 Rfe8
37.d6 Qc8 38.Rff1 h5 39.g5 Bf5 40.Rde1 c4 41.Kh2 Qe6 42.Qd4 b5 43.h4 Bd3
44.Bd5 Qg4 45.Qxg4 hxg4 46.Bxf7+ Kh8 47.Bxe8 Bxf1 48.Rxf1 Rxe8  1-0

[Event "13th Dubai Open"]
[Site "Dubai UAE"]
[Date "2011.04.10"]
[Round "1"]
[White "Miroshnichenko,E"]
[Black "Omar,Noa"]
[Result "1-0"]
[WhiteElo "2670"]
[BlackElo "2253"]

1.Nf3 d5 2.g3 c5 3.Bg2 Nc6 4.d4 Nf6 5.O-O e6 6.c4 dxc4 7.dxc5 Qxd1 8.Rxd1 Bxc5
9.Nbd2 c3 10.bxc3 O-O 11.Ne1 Rd8 12.Nd3 Be7 13.Nb3 a5 14.a4 Nd5 15.Bd2 Nb6
16.Bf4 Nd5 17.Bd2 Nb6 18.Be1 Kf8 19.Rdb1 Nc4 20.Nd2 Nxd2 21.Bxd2 Ne5 22.Be4 Nxd3
23.Bxd3 Bc5 24.Bf4 f5 25.Rb5 b6 26.Bc7 Ba6 27.Bxd8 Bxb5 28.Bxb6 Bxb6 29.Bxb5 Ke7
30.Rb1 Rb8 31.Kg2 Bc5 32.f4 Bd6 33.Kf3 e5 34.fxe5 Bxe5 35.c4 Bd6 36.e4 Rf8
37.exf5 Rxf5+ 38.Ke4 Re5+ 39.Kd4 Ke6 40.Bc6 Bc5+ 41.Kd3 Re3+ 42.Kd2 Ra3 43.Rb7 Ra2+
44.Kd3 Rxh2 45.Rxg7 h5 46.Rg6+ Ke7 47.Rg5 Bb6 48.c5 Bc7 49.Kc4 Rb2 50.Rg8 Rb8  1-0

[Event "TCh-HUN 2010-11"]
[Site "Zalaegerszeg HUN"]
[Date "2011.04.10"]
[Round "8"]
[White "Gonda,L"]
[Black "Meszaros,T"]
[Result "1/2-1/2"]
[WhiteElo "2550"]
[BlackElo "2448"]

1.Nf3 d5 2.g3 Nf6 3.Bg2 c6 4.c4 dxc4 5.O-O Nbd7 6.Qc2 Nb6 7.a4 a5 8.Na3 Qd5
9.Ne1 Bf5 10.Bxd5 Bxc2 11.Bxc6+ bxc6 12.Naxc2 g6 13.d3 Bg7 14.dxc4 Nxc4 15.b3 Nd6
16.Bb2 Rb8 17.Ra3 O-O 18.Nd3 Nfe4 19.Bxg7 Kxg7 20.Ne5 Nd2 21.Rd1 Nxb3 22.Nxc6 Rb6
23.Nxe7 Nc4 24.Ra2 Re8 25.Nd5 Rd6 26.Nce3 Nxe3 27.Nxe3 Rxd1+ 28.Nxd1 Nc1
29.Rc2 Nxe2+ 30.Kg2 Nd4 31.Rc5 Ra8 32.Ne3 Ne6 33.Rb5 Nd4 34.Rd5 Ne2 35.Rc5 Nd4
36.Nc4 Rb8 37.Rxa5 Rb4 38.Ne5 Kf6 39.Nd3 Rb7 40.Nc5 Rb2 41.Ne4+ Kg7 42.Nd6 Nf5
43.Nxf5+ gxf5 44.Ra6 f6 45.a5 Kg6 46.Ra8 f4 47.a6 fxg3 48.hxg3 h5 49.Kf1 Ra2
50.Kg2 Ra3 51.f3 Kg7 52.Kf2 Kh7 53.Ke2 Kg7 54.a7 Ra1 55.f4 Ra3 56.Kf2 Ra2+
57.Kf3 Ra3+ 58.Kg2 Ra2+ 59.Kh3 Ra1 60.Kg2 Ra2+ 61.Kf3 Ra3+ 62.Ke4 Ra1 63.Kd5 Ra2
64.Kc6 Rc2+ 65.Kd5 Rd2+ 66.Kc4 Ra2 67.f5 Ra1 68.Kd5 Rd1+ 69.Ke4 Re1+ 70.Kf3 Ra1
71.Kg2 Ra2+ 72.Kh3 Ra1 73.Rb8  1/2-1/2